Fr. Conceicao Rodrigues College of Engineering

Aluminum Door &Window Sash (Record no. 29010)

MARC details
000 -LEADER
fixed length control field 00309nam a2200133Ia 4500
082 ## - DEWEY DECIMAL CLASSIFICATION NUMBER
Classification number 684
100 ## - MAIN ENTRY--PERSONAL NAME
Personal name National Productivity Council
245 ## - TITLE STATEMENT
Title Aluminum Door &Window Sash
260 ## - PUBLICATION, DISTRIBUTION, ETC.
Name of publisher, distributor, etc. National Productivity Council
Date of publication, distribution, etc. 2001
300 ## - PHYSICAL DESCRIPTION
Extent 42
546 ## - LANGUAGE NOTE
Language note ENGLISH
654 ## - SUBJECT ADDED ENTRY--FACETED TOPICAL TERMS
Focus term Aluminum Door
942 ## - ADDED ENTRY ELEMENTS (KOHA)
Koha item type BOOK
Holdings
Withdrawn status Lost status Damaged status Not for loan Collection Home library Current library Date acquired Cost, normal purchase price Total Checkouts Full call number Barcode Date last seen Cost, replacement price Price effective from Koha item type
        AFT Fr. Agnel's C.Rodrigues College of Engineering Fr. Agnel's C.Rodrigues College of Engineering 17/03/2023 2.80   684 AFT365 17/03/2023 2.80 17/03/2023 BOOK